Länder anhand von Persönlichkeiten erkennen - Statistiken

Allgemein
  • Dieses Quiz wurde 115 mal gespielt
  • Das Durchschnittsergebnis liegt bei 17 aus 22
Antwortstatistiken
Hint Antwort % Korrekt
Albert Einstein Deutschland
99%
Jesus von Nazareth Israel
99%
George Washington USA
99%
Pele Brasilien
97%
Cristiano Ronaldo Portugal
97%
Jeanne d'Arc Frankreich
96%
Tutanchamun Ägypten
95%
Mahatma Gandhi Indien
95%
Mustafa Kemal Atatürk Türkei
93%
Chackie Chan China/ Hongkong
92%
Nelson Mandela Südafrika
91%
Platon Griechenland
88%
William Shakespeare Großbritannien
80%
Ernesto Che Guevara Kuba
80%
Leif Eriksson Island
78%
Frida Kahlo Mexiko
72%
Angus Young Australien
59%
Alexander I. Russland
57%
Papst Leo XIV Vatikan
47%
Tenzing Norgay Nepal
43%
Vitas Ukraine
19%
Serj Tankian Armenien
15%
Keine übereinstimmenden Quizze gefunden
Verteilung der Resultate
Anzahl Personen mit jedem Resultat
Perzentil nach korrekt beantworteten Fragen
Ihre Resultats-Entwicklung
Sie haben dieses Quiz noch nicht gespielt